000 00330nam a2200157Ia 4500
100 _aJoshi/Abhijit R
650 _aSimulation
250 _a4
942 _cBK
366 _f12
245 _aComputer simulation and modeling
260 _bVipul prakashan
082 _a3.3
_bJOS
546 _aENGLISH
_cInfo.Tech
999 _c26264
_d26264